Statistics for Top 10 Arsenal Premier League Most Assists

Click here to take the quiz!

General Stats

  • This quiz has been taken 283 times
    (22 since last reset)
  • The average score is 8 of 10

Answer Stats

PlayerAssists% Correct
Mesut Özil55
100%
Thierry Henry75
95%
Dennis Bergkamp92
90%
Cesc Fàbregas65
86%
Robert Pirès46
86%
Bukayo Saka35
76%
Robin van Persie45
67%
Theo Walcott40
67%
Patrick Vieira35
57%
Aaron Ramsey45
48%

Score Distribution

Percentile by Number Answered

Percent of People with Each Score

Your Score History

You have not taken this quiz since the last reset